| 000 | 01260naa a22003017a 4500 | ||
|---|---|---|---|
| 001 | BR8803491 | ||
| 003 | BR-BrBNA | ||
| 005 | 20250721155333.0 | ||
| 007 | ta | ||
| 008 | 250630b bl.|||m| |||| 00| 0 por d | ||
| 040 |
_aBR-BrBNA _bpor _cBiblioteca Nacional de Agricultura |
||
| 041 | _a(Pt) | ||
| 072 |
_aP34; F35 _b3866 |
||
| 090 | _aP34 BR8803491 | ||
| 100 | 1 | _aKampf, N. | |
| 111 | 1 |
_a1. Reuniao sobre Ferro em Solos Inundados _cGoiania, GO (Brazil) _d19-21 May 1987 |
|
| 245 | 1 | _aO ferro no solo | |
| 246 | 1 | _a[The iron of the soil] | |
| 246 | 1 | _a[Annals of the 1st Reunion on Soil Iron] | |
| 500 | _aAnais da 1. Reuniao sobre Ferro em Solos Inundados Barbosa Filho, M.P. (ed.) Goiania, GO (Brasil): 1988. p. 35-71 [14 illus.; 7 tables; 27 ref.] (BR8803491-AMS) | ||
| 773 | 0 |
_tAnais da 1. Reuniao sobre Ferro em Solos Inundados _aBarbosa Filho, M.P. (ed.). Centro Nacional de Pesquisa em Arroz e Feijao, Goiania, GO (Brasil) _wP34 BR8803491 _gGoiania, GO (Brasil), 1988. p. 35-71 |
|
| 650 | _aFERRO | ||
| 650 | _aBIOQUIMICA DO SOLO | ||
| 650 | _aFERTILIDADE DO SOLO | ||
| 490 |
_aDocumentos - Centro Nacional de Pesquisa em Arroz e Feijao (Brazil) _vno. 22 _xISSN 0101-9716 |
||
| 942 |
_cAMS _2AGRIS |
||
| 909 |
_a202506 _bLúcia _c55 _dLúcia Elande |
||
| 999 |
_c335951 _d335951 |
||